INDERBIR SINGH'S TB. OF HUMAN NEUROANATOMY (Record no. 15932)

MARC details
000 -LEADER
fixed length control field 00358nam a22001577a 4500
003 - CONTROL NUMBER IDENTIFIER
control field SGT
020 ## - INTERNATIONAL STANDARD BOOK NUMBER
International Standard Book Number 978-93-5270-1489
082 ## - DEWEY DECIMAL CLASSIFICATION NUMBER
Classification number 611
Item number I18B
100 ## - MAIN ENTRY--PERSONAL NAME
Personal name BHUIYAN, PRITHA S.
245 ## - TITLE STATEMENT
Title INDERBIR SINGH'S TB. OF HUMAN NEUROANATOMY
250 ## - EDITION STATEMENT
Edition statement 10TH
260 ## - PUBLICATION, DISTRIBUTION, ETC. (IMPRINT)
Place of publication, distribution, etc INDIA
Name of publisher, distributor, etc JAYPEE
Year of Publication 2018
300 ## - PAGE DESCRIPTION
No. of Pages 273
650 ## - SUBJECT ADDED ENTRY--TOPICAL TERM
Topical term or geographic name as entry element ANATOMY
942 ## - ADDED ENTRY ELEMENTS (KOHA)
Source of classification or shelving scheme Dewey Decimal Classification
Koha item type Books
942 ## - ADDED ENTRY ELEMENTS (KOHA)
-- 31
Holdings
Withdrawn status Lost status Source of classification or shelving scheme Damaged status Not for loan Collection code Home library Current library Shelving location Date acquired Vendor Name Cost, normal purchase price SGTU Bill Number Total Checkouts Full call number Accession No. (Barcode) Date last seen Date last borrowed Bill Date Koha item type
    Dewey Decimal Classification     MEDICAL SGT Medical Library SGT Medical Library Text Book 31/08/2018 ABC 150.00 SGTU 9975 36 611 I18B FM10964 29/10/2024 15/10/2024 31/07/2018 Books